Business statistics (Record no. 6011)

MARC details
000 -LEADER
fixed length control field 01029nam a22001697a 4500
020 ## - INTERNATIONAL STANDARD BOOK NUMBER
ISBN 0706986083
050 ## - CALL NUMBER
Classification number HF1017
Item number .C36
100 ## - AUTHOR
Personal name J S Chandan;
245 ## - TITLE
Title Business statistics
Statement of responsibility, etc J S Chandan; Jagjit Singh; K K Khanna
250 ## - EDITION
Edition statement 2nd rev. ed.,
260 ## - PUBLICATION INFORMATION
Place of publication New Delhi : ,
Name of publisher Vikas
Year of publication 1995.
300 ## - DESCRIPTION
Number of Pages vi, 447 pages ;
Dimensions 23 cm
500 ## - NOTES
General note "Copyright c Institute of Marketing & Management, 1994."
505 ## - FORMATTED CONTENTS NOTE
Table of Content 1. Descriptive statistics<br/>2. Statistical terms and concepts<br/>3. Data collection<br/>4. Data presentation<br/>5. Data characteristics descriptive measures<br/>6. Probability theory and probability distribution<br/>7. Sampling distribution<br/>8. Inferential statistics<br/>9. Hypothesis testing<br/>10. Inferred om small sample<br/>11. Analysis of variance<br/>12. Regression and correlation analysis<br/>13. Multiple regression<br/>14. Non parametric statistics<br/>15. Statistical decision making<br/>16. Index numbers<br/>17. Analysis of time series<br/>18. Statistical tables
650 ## - SUBJECTS
Topical Term Statistics. .
General subdivision Commercial statistics
942 ## - ADDED ENTRY ELEMENTS (KOHA)
Koha item type Books
Holdings
Withdrawn status Lost status Collection code Home library Current library Shelving location Date acquired Full call number Accession Number Koha item type
    Non-fiction Methodist University Library Main Methodist University Library Main General Stacks 27/10/2004 HF1017 .C36 15056 Books
    Reference Methodist University Library Main Methodist University Library Main General Stacks 27/10/2004 HF1017 .C36 15054 Books
    Non-fiction Methodist University Library Main Methodist University Library Main General Stacks 27/10/2004 HF1017 .C36 15055 Books
    Reference Methodist University Library Main Methodist University Library Main General Stacks 27/10/2004 HF1017 .C36 15053 Books
Copyright © 2026  MUG Library